|
|
|
|
| LEADER |
00000nab a2200000 ar4500 |
| 001 |
vtls010860304 |
| 003 |
SK-MaSNL |
| 005 |
20260305040722.0 |
| 008 |
150813c2015 xo wr|p|||||||000 b|slo |
| 038 |
|
|
|a PPPK
|
| 040 |
|
|
|a PPPKCL
|b slo
|c PPPKCL
|e AACR2
|
| 041 |
0 |
|
|a slo
|
| 044 |
|
|
|a xo
|c SK
|
| 080 |
|
|
|a 364-5-154
|2 2001
|
| 100 |
1 |
|
|a Kamenická, Tatiana
|4 aut
|9 1620594
|
| 245 |
1 |
0 |
|a Otvorenie Komunitného centra
|c Ing. Tatiana Kamenická, Mgr. Milada Kapustová
|
| 300 |
|
|
|b Fotogr.
|
| 610 |
2 |
7 |
|a Komunitné centrum (Spišské Podhradie, Slovensko)
|2 pppkcl
|9 1620595
|
| 648 |
|
7 |
|a 1.4.2015
|2 pppkcl
|9 1096366
|
| 650 |
0 |
7 |
|a komunitné centrá
|2 pppkcl
|9 63599
|
| 650 |
0 |
7 |
|a slávnostné otvorenie
|2 pppkcl
|9 448877
|
| 651 |
|
7 |
|a Spišské Podhradie (Slovensko)
|2 pppkcl
|9 26697
|
| 651 |
|
7 |
|a Levoča (Slovensko : okres)
|2 pppkcl
|9 30131
|
| 773 |
0 |
|
|t Podhradčan : informačný občasník mesta Spišské Podhradie
|g Č. 2 (2015), s. 3
|
| 852 |
|
|
|a PPPK
|b KIS3GCP
|
| 999 |
|
|
|c 3339949
|d 3341879
|